Trénink obchodního jednání : metodická příručka pro kombinovanou formu studia /
Uloženo v:
| Hlavní autor: | |
|---|---|
| Médium: | Kniha |
| Jazyk: | čeština |
| Vydáno: |
Brno :
Akademické nakladatelství CERM,
2006
|
| Vydání: | 1. vyd. |
| Témata: | |
| ISBN: | 8021432756 |
| On-line přístup: |
|
| Tagy: |
Přidat tag
Žádné tagy, Buďte první, kdo vytvoří štítek k tomuto záznamu!
|
MARC
| LEADER | 00000nam a2200000 4500 | ||
|---|---|---|---|
| 003 | SK-BrCVT | ||
| 005 | 20220621162936.0 | ||
| 008 | 070627s2006 xr e ||||||cze d | ||
| 020 | |a 8021432756 | ||
| 035 | |a CVTIDW1409926 | ||
| 040 | |b slo |a CVTI SR |e AACR2 | ||
| 041 | 0 | |a cze | |
| 044 | |a xr | ||
| 080 | |a 659.144.1 |2 UDC-MRF | ||
| 080 | |a 316.776 |2 UDC-MRF | ||
| 100 | 1 | |a Franková, Emilie |d 1949-, |4 aut | |
| 245 | 1 | 0 | |a Trénink obchodního jednání : |b metodická příručka pro kombinovanou formu studia / |c Emilie Franková |
| 250 | |a 1. vyd. | ||
| 260 | |a Brno : |b Akademické nakladatelství CERM, |c 2006 | ||
| 300 | |a 13 s. : |b lit. ; | ||
| 500 | |a Fakulta podnikatelská | ||
| 500 | |a Učební texty vysokých škol | ||
| 653 | 1 | |a obchodné jednanie |a formulácia argumentov |a medziľudská komunikácia |a typológia zákazníkov | |
| 710 | 2 | |a Vysoké učení technické v Brně |4 oth | |
| 910 | |a BA002 |b S602356 | ||
| 919 | |a 80-214-3275-6 | ||
| 974 | |f Knihy | ||
| 992 | |a ASK | ||
| 999 | |c 153327 |d 153327 | ||

